[Event "2. Open Fincas Mediterranea"]
[Site "Castelldefels ESP"]
[Date "2005.08.25"]
[Round "9.5"]
[White "Milov, Leonid"]
[Black "Sucher, Johannes"]
[Result "1-0"]
[WhiteElo "2482"]
[BlackElo "2207"]
[PlyCount "117"]
[EventDate "2005.08.17"]
[EventType "swiss"]
[EventRounds "9"]
[EventCountry "ESP"]
[Source "lmi"]
[SourceDate "2005.08.25"]

1. e4 d5 2. exd5 Nf6 3. Nf3 Nxd5 4. d4 Bf5 5. Nh4 Bd7 6. c4 e6 7. Nf3 Nf6 8.
Nc3 Bd6 9. Bg5 h6 10. Bh4 O-O 11. Be2 Nc6 12. O-O g5 13. Bg3 Ne7 14. Be5 Ng6
15. c5 Be7 16. Bd3 Bc6 17. Re1 Nd5 18. Bxg6 fxg6 19. Bg3 Nf4 20. Ne5 Qe8 21.
Bxf4 Rxf4 22. Qb3 Bf6 23. Nxc6 bxc6 24. g3 Rf5 25. Rxe6 Qf7 26. Ne4 Bxd4 27.
Rxg6+ Kh7 28. Qxf7+ Rxf7 29. Re6 Bxb2 30. Rd1 Rb8 31. Kg2 Rb4 32. Rd2 Bg7 33.
Re2 a5 34. Rxc6 a4 35. Ra6 Bb2 36. Kh3 a3 37. Kg4 Rf6 38. Rxf6 Bxf6 39. Kf5 Bd4
40. Rd2 Kg7 41. Rd3 Rc4 42. f4 gxf4 43. gxf4 Kf7 44. Rxa3 Bxc5 45. Rc3 Rxc3 46.
Nxc3 Bb4 47. Nd5 Ba5 48. a4 c6 49. Ne3 Ke7 50. Nc4 Bc7 51. a5 Kd7 52. a6 Kc8
53. Ne5 c5 54. Ke4 Bb6 55. f5 Bc7 56. f6 Bd6 57. Kd5 Bf8 58. Ng6 c4 59. Kxc4
1-0

[Event "2. Open Fincas Mediterranea"]
[Site "Castelldefels ESP"]
[Date "2005.08.25"]
[Round "9.7"]
[White "Hernando Rodrigo, Jose Maria"]
[Black "Maleki, Manuel"]
[Result "0-1"]
[WhiteElo "2351"]
[BlackElo "2119"]
[PlyCount "62"]
[EventDate "2005.08.17"]
[EventType "swiss"]
[EventRounds "9"]
[EventCountry "ESP"]
[Source "lmi"]
[SourceDate "2005.08.25"]

1. Nf3 d6 2. d4 g6 3. c4 Bg7 4. e4 e5 5. Be2 exd4 6. Nxd4 Nc6 7. Be3 Qf6 8. Nb5
Qd8 9. N1c3 a6 10. Nd4 Nge7 11. Qd2 O-O 12. O-O Re8 13. Nd5 Nxd5 14. Nxc6 bxc6
15. exd5 c5 16. Rab1 Bd7 17. Bd3 a5 18. b3 Be5 19. Bg5 Qb8 20. Be3 Qb4 21. Qd1
Qa3 22. Qc2 a4 23. f4 Bg7 24. Bc1 axb3 25. axb3 Qa2 26. Rb2 Bd4+ 27. Kh1 Qa1
28. f5 Bxf5 29. Bxf5 Bxb2 30. Bd3 Bxc1 31. Qf2 Re7 0-1

[Event "2. Open Fincas Mediterranea"]
[Site "Castelldefels ESP"]
[Date "2005.08.25"]
[Round "9.8"]
[White "Purnama, Tirta Chandra"]
[Black "Rios, Alejandro"]
[Result "1-0"]
[WhiteElo "2337"]
[BlackElo "2282"]
[PlyCount "75"]
[EventDate "2005.08.17"]
[EventType "swiss"]
[EventRounds "9"]
[EventCountry "ESP"]
[Source "lmi"]
[SourceDate "2005.08.25"]

1. d4 Nf6 2. c4 e6 3. Nf3 c5 4. Nc3 a6 5. a3 cxd4 6. Nxd4 d5 7. cxd5 Nxd5 8.
Bd2 Bc5 9. Nb3 Ba7 10. Nxd5 Qxd5 11. Bc3 Qxd1+ 12. Rxd1 O-O 13. g3 Nc6 14. Bg2
Rd8 15. O-O Bb6 16. Bxc6 bxc6 17. Ba5 Bxa5 18. Nxa5 Rd5 19. Nxc6 Rxd1 20. Rxd1
Bb7 21. Rd6 Kf8 22. f3 Rc8 23. Na5 Bd5 24. Rxa6 f5 25. Kf2 Rc2 26. Rb6 g5 27.
Ke3 g4 28. fxg4 fxg4 29. Kd3 Rc8 30. Nb3 Rc4 31. Nd2 Rc5 32. b4 Rc7 33. a4 Ke7
34. a5 Kd7 35. e4 Bb7 36. Nb3 Bc8 37. Nc5+ Ke7 38. a6 1-0

[Event "2. Open Fincas Mediterranea"]
[Site "Castelldefels ESP"]
[Date "2005.08.25"]
[Round "9.9"]
[White "Giacomelli Panyella, Frederic"]
[Black "Hernando Rodrigo, Julio A"]
[Result "0-1"]
[WhiteElo "2112"]
[BlackElo "2371"]
[PlyCount "40"]
[EventDate "2005.08.17"]
[EventType "swiss"]
[EventRounds "9"]
[EventCountry "ESP"]
[Source "lmi"]
[SourceDate "2005.08.25"]

1. d4 Nf6 2. c4 c5 3. d5 b5 4. f3 e6 5. Bg5 exd5 6. cxd5 Qa5+ 7. Bd2 Qb6 8. e4
c4 9. Be2 Bc5 10. Kf1 O-O 11. a4 b4 12. Bxc4 a5 13. Ne2 d6 14. Bg5 Nfd7 15. Nd2
f5 16. Qc2 Ne5 17. Bb5 Nbd7 18. exf5 Ba6 19. Bxa6 Qxa6 20. Ke1 Nd3+ 0-1

[Event "2. Open Fincas Mediterranea"]
[Site "Castelldefels ESP"]
[Date "2005.08.25"]
[Round "9.11"]
[White "Porras Dalmau, Daniel"]
[Black "Panelo, Marcelo"]
[Result "0-1"]
[WhiteElo "1906"]
[BlackElo "2404"]
[PlyCount "51"]
[EventDate "2005.08.17"]
[EventType "swiss"]
[EventRounds "9"]
[EventCountry "ESP"]
[Source "lmi"]
[SourceDate "2005.08.25"]

1. d4 Nf6 2. Nf3 e6 3. c4 d5 4. Nc3 Be7 5. Bg5 h6 6. Bxf6 Bxf6 7. cxd5 exd5 8.
e3 O-O 9. Bd3 c6 10. b4 Qd6 11. Rb1 b6 12. Qb3 Be6 13. O-O Nd7 14. Rfc1 a5 15.
bxa5 Rxa5 16. Qc2 Rfa8 17. e4 Bd8 18. exd5 cxd5 19. Nb5 Qf4 20. a3 Nf6 21. Ne5
Ng4 22. Nxg4 Qxg4 23. Be2 Qg6 24. Bf3 Rc8 25. Qb2 Rxc1+ 26. Qxc1 0-1

[Event "2. Open Fincas Mediterranea"]
[Site "Castelldefels ESP"]
[Date "2005.08.25"]
[Round "9.12"]
[White "Martin Canfran, Ruben"]
[Black "Navarro Perez, Manuel"]
[Result "1-0"]
[WhiteElo "2202"]
[BlackElo "2075"]
[PlyCount "53"]
[EventDate "2005.08.17"]
[EventType "swiss"]
[EventRounds "9"]
[EventCountry "ESP"]
[Source "lmi"]
[SourceDate "2005.08.25"]

1. d4 Nf6 2. c4 g6 3. Nf3 Bg7 4. g3 O-O 5. Bg2 d6 6. Nc3 Nfd7 7. O-O Nc6 8. e4
e5 9. Bg5 f6 10. Be3 Ne7 11. Qc2 f5 12. exf5 Nxf5 13. Bg5 Ne7 14. dxe5 dxe5 15.
Nd5 Nf6 16. Nxf6+ Bxf6 17. Rad1 Qe8 18. Bxf6 Rxf6 19. Nxe5 c6 20. Qc3 Re6 21.
Ng4 Qf8 22. Rd8 Qxd8 23. Nh6+ Kf8 24. Qh8+ Ng8 25. Qxg8+ Ke7 26. Qxh7+ Kd6 27.
Nf7+ 1-0

[Event "2. Open Fincas Mediterranea"]
[Site "Castelldefels ESP"]
[Date "2005.08.25"]
[Round "9.13"]
[White "Campos Cayuelas, Marc"]
[Black "Avila Jimenez, Javier"]
[Result "1/2-1/2"]
[WhiteElo "2037"]
[BlackElo "2194"]
[PlyCount "167"]
[EventDate "2005.08.17"]
[EventType "swiss"]
[EventRounds "9"]
[EventCountry "ESP"]
[Source "lmi"]
[SourceDate "2005.08.25"]

1. d4 d5 2. Nc3 Nf6 3. Bg5 Bf5 4. f3 Nbd7 5. g4 Bg6 6. h4 h6 7. Bxf6 Nxf6 8. h5
Bh7 9. e3 Qd6 10. Nge2 O-O-O 11. Qd2 Kb8 12. O-O-O c6 13. Nf4 e5 14. dxe5 Qxe5
15. Bd3 Bb4 16. Bxh7 Bxc3 17. Qxc3 Qxc3 18. bxc3 Nxh7 19. Nd3 Rhe8 20. Kd2 Ng5
21. Rhf1 Re7 22. Nc5 b6 23. Nb3 c5 24. Rb1 Kc7 25. a4 Rde8 26. Rbe1 Kc6 27. Nc1
Rf8 28. Ne2 f5 29. Nf4 Ree8 30. Ng6 Rf6 31. gxf5 Rxf5 32. Nf4 Nf7 33. Rg1 Ne5
34. Ke2 d4 35. cxd4 cxd4 36. Rxg7 dxe3 37. Ng6 Rxh5 38. Nxe5+ Rexe5 39. Rxa7
Rh2+ 40. Kd3 Rd2+ 41. Kc3 Rc5+ 42. Kb3 e2 43. c3 Re5 44. Rg7 Rd1 45. Rgg1 Rd3
46. Rg6+ Kc5 47. Rxh6 Rxf3 48. Rh2 Ree3 49. Rhxe2 Rxc3+ 50. Kb2 Rb3+ 51. Kc1
Kb4 52. Re4+ Ka3 53. a5 bxa5 54. Rc4 Rb5 55. Ree4 Rf1+ 56. Kc2 Rb2+ 57. Kd3
Rb3+ 58. Kd4 Rb4 59. Kc5 Rf5+ 60. Kd4 Rf3 61. Kc5 Rf5+ 62. Kd4 Rfb5 63. Re3+
Rb3 64. Rec3 Rb8 65. Kd3 a4 66. Kc2 Rh8 67. Kd2 Rh1 68. Kc2 Rhb1 69. Kd2 R1b2+
70. Kc1 Rf2 71. Kd1 Rxc3 72. Rxc3+ Kb2 73. Rc8 Rf3 74. Rc2+ Kb3 75. Rc8 a3 76.
Rb8+ Ka2 77. Kc2 Rf2+ 78. Kc1 Rf7 79. Rc8 Ka1 80. Kc2 a2 81. Rc6 Rf2+ 82. Kc1
Rf1+ 83. Kc2 Rh1 84. Rb6 1/2-1/2

[Event "2. Open Fincas Mediterranea"]
[Site "Castelldefels ESP"]
[Date "2005.08.25"]
[Round "9.15"]
[White "Wong Castañeda, Arturo"]
[Black "Catarineu Navines, Federico"]
[Result "1-0"]
[WhiteElo "2182"]
[BlackElo "2051"]
[PlyCount "123"]
[EventDate "2005.08.17"]
[EventType "swiss"]
[EventRounds "9"]
[EventCountry "ESP"]
[Source "lmi"]
[SourceDate "2005.08.25"]

1. c3 d5 2. d4 Nf6 3. Bf4 e6 4. Nd2 Nbd7 5. Ngf3 Be7 6. e3 O-O 7. Bd3 Re8 8.
O-O Nf8 9. Be5 N6d7 10. Rc1 Nxe5 11. Nxe5 f6 12. Nef3 Bd6 13. Qb3 Kh8 14. e4
Bf4 15. Rcd1 c6 16. Rfe1 Qc7 17. g3 Bh6 18. e5 f5 19. Nh4 g5 20. Ng2 Ng6 21. c4
Qg7 22. f3 b6 23. g4 f4 24. cxd5 exd5 25. Qc2 Bd7 26. b4 Nf8 27. Nb3 Ne6 28.
Rc1 Qf7 29. Bf5 Bf8 30. a3 a5 31. Bxe6 Qxe6 32. bxa5 Bxa3 33. axb6 Bxc1 34.
Rxc1 Qg6 35. Nc5 Qxc2 36. Rxc2 Ra1+ 37. Kf2 Bc8 38. b7 Bxb7 39. Nxb7 Rb8 40.
Nd6 Rbb1 41. e6 Rf1+ 42. Ke2 Rg1 43. Kd3 Ra3+ 44. Rc3 Ra2 45. Rb3 Rgxg2 46. e7
Rgd2+ 47. Kc3 Rac2+ 48. Kb4 Rxd4+ 49. Ka3 Re2 50. Rb8+ Kg7 51. Nf5+ Kf7 52.
Rf8+ Kg6 53. Rg8+ Kf6 54. Rf8+ Kg6 55. Nxd4 Rxe7 56. Kb4 Re1 57. Kc5 Rc1+ 58.
Kd6 Rc4 59. Ne6 h6 60. Ke7 d4 61. Rg8+ Kh7 62. Kf7 1-0

[Event "2. Open Fincas Mediterranea"]
[Site "Castelldefels ESP"]
[Date "2005.08.25"]
[Round "9.18"]
[White "Martinez Lopez, Miquel"]
[Black "Castells Briones, Miquel"]
[Result "0-1"]
[WhiteElo "1905"]
[BlackElo "2101"]
[PlyCount "72"]
[EventDate "2005.08.17"]
[EventType "swiss"]
[EventRounds "9"]
[EventCountry "ESP"]
[Source "lmi"]
[SourceDate "2005.08.25"]

1. e4 e6 2. d4 d5 3. Nc3 Bb4 4. e5 c5 5. a3 Bxc3+ 6. bxc3 Ne7 7. Qg4 O-O 8. Bd3
Qa5 9. Bd2 Nbc6 10. Nf3 f5 11. exf6 Rxf6 12. Bxh7+ Kxh7 13. Qh5+ Kg8 14. Ng5
Bd7 15. Qh7+ Kf8 16. Qh8+ Ng8 17. Nh7+ Kf7 18. Ng5+ Kf8 19. Nh7+ Kf7 20. Ng5+
Ke7 21. Qxg7+ Kd6 22. Nf7+ Kc7 23. Qg3+ e5 24. Nxe5 Nxe5 25. Qxe5+ Rd6 26. c4
Qa4 27. O-O Re8 28. Qg3 Kc6 29. cxd5+ Rxd5 30. Bf4 cxd4 31. Qg6+ Kc5 32. c4
dxc3 33. Be3+ Kc4 34. Rfb1 c2 35. Rb4+ Qxb4 36. axb4 Rd1+ 0-1

[Event "2. Open Fincas Mediterranea"]
[Site "Castelldefels ESP"]
[Date "2005.08.25"]
[Round "9.19"]
[White "Escobar Torres, Antonio"]
[Black "Sanjuan Morigosa, Isaura"]
[Result "1-0"]
[WhiteElo "2095"]
[BlackElo "2003"]
[PlyCount "97"]
[EventDate "2005.08.17"]
[EventType "swiss"]
[EventRounds "9"]
[EventCountry "ESP"]
[Source "lmi"]
[SourceDate "2005.08.25"]

1. Nf3 Nf6 2. b3 g6 3. Bb2 Bg7 4. g3 O-O 5. Bg2 c6 6. O-O d6 7. d4 Nbd7 8. Nbd2
Re8 9. e4 Qc7 10. h3 Nh5 11. c4 Rb8 12. Qc2 a5 13. Rac1 e5 14. dxe5 dxe5 15.
Rfd1 Nc5 16. Nf1 f5 17. N1d2 Qb6 18. Kh2 fxe4 19. Nxe4 Nxe4 20. c5 Nxc5 21.
Qxc5 Qxc5 22. Rxc5 e4 23. Bxg7 exf3 24. Be5 Rxe5 25. Rxe5 fxg2 26. Rd8+ Kf7 27.
Ree8 b5 28. Rf8+ Ke7 29. Rxc8 g1=Q+ 30. Kxg1 Rb7 31. Rf3 Kd6 32. g4 Ng7 33.
Rd3+ Kc5 34. Rc3+ Kb4 35. R3xc6 Re7 36. Kf1 Ne6 37. Rd6 Nc7 38. f4 Ka3 39. Rd2
Rf7 40. Rf2 Nd5 41. Rc5 Ne3+ 42. Ke2 Nc2 43. Rxc2 Rd7 44. f5 Re7+ 45. Kf1 gxf5
46. gxf5 b4 47. f6 Rf7 48. Rc5 a4 49. Ra5 1-0

[Event "2. Open Fincas Mediterranea"]
[Site "Castelldefels ESP"]
[Date "2005.08.25"]
[Round "9.20"]
[White "Colom Andres, Xavier"]
[Black "Giraud, Sylvain"]
[Result "1-0"]
[WhiteElo "2090"]
[BlackElo "2015"]
[PlyCount "61"]
[EventDate "2005.08.17"]
[EventType "swiss"]
[EventRounds "9"]
[EventCountry "ESP"]
[Source "lmi"]
[SourceDate "2005.08.25"]

1. d4 Nf6 2. c4 g6 3. Nc3 d5 4. Bf4 Bg7 5. e3 O-O 6. Rc1 c6 7. Nf3 Nh5 8. Bg5
h6 9. Bh4 g5 10. Bg3 Nxg3 11. hxg3 dxc4 12. Bxc4 Nd7 13. Qc2 Nf6 14. Ne5 Nd5
15. Rd1 Be6 16. e4 Nxc3 17. bxc3 Qd6 18. Bxe6 Qxe6 19. Nf3 Rad8 20. e5 f5 21.
O-O Rd7 22. Nd2 Rfd8 23. Nb3 b6 24. f4 g4 25. Rd2 a5 26. Rfd1 Kf7 27. a4 Kg6
28. c4 Bf8 29. d5 Qg8 30. Nd4 e6 31. Nxe6 1-0